[Event "41st Olympiad Open"]
[Site "Tromso"]
[Date "2014.08.02"]
[Round "1.2"]
[WhiteID "16300440"]
[White "Yang Ching Wei, Austin"]
[BlackID "2501430"]
[Black "Astaneh Lopez Alex"]
[Result "0-1"]
[LiveChessVersion "1.4.3"]
[BlackElo "2419"]
[WhiteElo "1883"]
[WhiteTeam "TPE"]
[BlackTeam "IRL"]
[BlackTitle "IM"]

1. e4 Nf6 2. Nc3 e5 3. Nf3 Nc6 4. Bb5 Bb4 5. O-O O-O 6. Nd5 Nxd5 7. exd5 e4 8. dxc6 exf3
9. Qxf3 bxc6 10. d4 Rb8 11. Bd3 d5 12. c3 Bd6 13. b4 Qh4 14. h3 f5 5. Re1 f4 16. Bd2 Bd7
17. b5 cxb5 18. Qxd5+ Kh8 19. Be4 Rf6 20. Bf3 Bxh3 21. gxh3 Qxh3 22. Bg2 Rg6 23. Bxf4 Bxf4 24. Kf1
Qd3+ 25. Re2 Re8 26. Rae1 Rge6 27. Bf3 Bd2 28. Kg1 Qg6+ 29. Kf1 Bxe1 30. Bh5 Qd3 0-1

[Event "41st Olympiad Open"]
[Site "Tromso"]
[Date "2014.08.10"]
[Round "8.25"]
[WhiteID "2500914"]
[White "Baburin Alexander"]
[BlackID "15000729"]
[Black "Colovic Aleksandar"]
[Result "1/2-1/2"]
[LiveChessVersion "1.4.3"]
[BlackElo "2487"]
[WhiteElo "2502"]
[WhiteTeam "IRL"]
[BlackTeam "MKD"]
[WhiteTitle "GM"]
[BlackTitle "GM"]

1. d4 d5 2. c4 dxc4 3. Nf3 a6 4. e3 b5 5. a4 Bb7 6. b3 e6 7. bxc4 bxc4 8. Bxc4 Nf6 9. O-O
Nbd7 10. Nbd2 Be7 11. Rb1 Ra7 12. Bb2 O-O 13. a5 c5 14. Nb3 Ne4 15. Nfd2 Bd6 16. Qg4 Ndf6 17. Qh3
Nxd2 18. Nxd2 Be7 19. Rfd1 Bd5 20. dxc5 Rd7 21. Rdc1 Qxa522. Nb3 Qc7 23. Qg3 Rc8 24. Qxc7 Rdxc7
25. Bxf6 gxf6 26. Bxa6 Rb8 27. Bc4 Bxc4 28. Rxc4 Rcb7 29. Rc3Bxc5 30. Rxc5 Rxb3 31. Rxb3 Rxb3 1/2-1/2

[Event "41st Olympiad Open"]
[Site "Tromso"]
[Date "2014.08.10"]
[Round "8.26"]
[WhiteID "15002187"]
[White "Pancevski Filip"]
[BlackID "2501198"]
[Black "Collins Sam E."]
[Result "1/2-1/2"]
[LiveChessVersion "1.4.3"]
[BlackElo "2495"]
[WhiteElo "2464"]
[WhiteTeam "MKD"]
[BlackTeam "IRL"]
[WhiteTitle "IM"]
[BlackTitle "IM"]

1. e4 e5 2. Nf3 Nc6 3. Nc3 Nf6 4. Bb5 Bb4 5. O-O O-O6. d3 d6 7. Bg5 Bxc3 8. bxc3 Qe7
9. Re1 Nd8 10. d4 Ne6 11. Bd2 c5 12. a4 Nc7 13. Bd3Bg4 14. Rb1 Rab8 15. h3 Bxf3 16. Qxf3
cxd4 17. cxd4 Ne6 18. dxe5 dxe5 19. Bb4 Nc5 20. Bc4 Qc721. Bd5 Rfd8 22. Qa3 b6 23. c4 Rbc8
24. a5 Rd6 25. Re3 g6 26. Qa1 Re8 27. Qa3 Rc8 28. Qa1Re8 29. Rbe1 Rd7 30. Rf3 Kg7 31. Bc3
Ng8 32. Rb1 f6 33. Bb4 Ne7 34. axb6 axb6 35. Bxc5 Nxd536. cxd5 Qxc5 37. Rfb3 Qd4 38. Rb4 Qxa1
39. Rxa1 f5 40. f3 fxe4 41. fxe4 Rb7 42. Rab1 Rc8 43. R1b2Rc3 44. Kh2 Re3 45. Rd2 Rc3 46. Rdb2
Re3 47. Rc2 Rf7 48. Rd2 Rb7 49. Kg1 Rc3 50. Kf2 Rf7+51. Kg1 Rb7 52. h4 h5 53. Rdb2 b5
54. Rd2 Rc5 55. Rd3 Rf7 56. Rf3 Ra7 57. Rf2 Ra1+ 58. Kh2Ra4 59. Rfb2 Rxb4 60. Rxb4 Rc4 61. Rxb5
Rxe4 62. g3 Re2+ 63. Kg1 Rd2 64. Kf1 Kf6 65. Ke1 Rd366. Kf2 Kf5 67. Ra5 Kg4 68. Ra6 Kf5
69. d6 g5 70. hxg5 Kxg5 71. Ke2 Rd4 72. Kf3 Kf5 73. Kf2Kg4 74. Rb6 Rd2+ 75. Ke3 Rd4 76. Kf2
Rd5 77. Ra6 Kf5 78. Ke3 Rd4 79. Rb6 Rd5 80. Ra6 e481. Ke2 Ke5 82. d7 Rxd7 83. Rh6 Ra7
84. Rxh5+ Kd4 85. Rb5 Ra2+ 86. Kf1 Ra1+ 87. Ke2 Ra2+ 88. Kf1Ra3 89. g4 Ke3 90. g5 Kf4 91. g6
Ra1+ 92. Ke2 Rg1 93. Rb6 Rg2+ 94. Kf1 Rg5 95. Ke2 Rg2+96. Kf1 Rg4 97. Ke2 Kf5 98. Rb5+ Kxg6 1/2-1/2

[Event "41st Olympiad Open"]
[Site "Tromso"]
[Date "2014.08.10"]
[Round "8.27"]
[WhiteID "2501430"]
[White "Astaneh Lopez Alex"]
[BlackID "15000290"]
[Black "Mitkov Nikola"]
[Result "1/2-1/2"]
[LiveChessVersion "1.4.3"]
[BlackElo "2500"]
[WhiteElo "2419"]
[WhiteTeam "IRL"]
[BlackTeam "MKD"]
[WhiteTitle "IM"]
[BlackTitle "GM"]

1. d4 d5 2. c4 e6 3. Nf3 Nf6 4. g3 Bb4+ 5. Bd2 Be76. Bg2 c6 7. Qc2 b6 8. Bf4 O-O
9. O-O Ba6 10. Nbd2 Nbd7 11. Rfc1 Rc8 12. e4 dxc4 13. Nxc4 Bxc414. Qxc4 Nxe4 15. Qa4 b5 16. Qxa7 g5
17. Ne5 Nxe5 18. Bxe5 Nxf2 19. Kxf2 f6 20. Kg1 fxe5 21. dxe5Rf5 22. Qe3 Kh8 23. Re1 Qf8 24. Kh1
Rd8 25. Rad1 g4 26. Qe4 Rxd1 27. Rxd1 h5 28. h4 Qg7 29. Re1 c5 30. Qc6 Qg8 31. Qxb5 Qd8 32. a4
Bxh4 33. Qb3 c4 34. Qc3 Bg5 35. Qxc4 Qd2 36. Qe2 Qb437. Qe4 Qxb2 38. a5 Qa3 39. Rf1 Rxf1+
40. Bxf1 Qxg3 41. Qg2 Qe1 42. a6 Be3 43. a7 Bxa7 44. Qa8+Kg7 45. Qxa7+ Kh6 46. Qa6 Qe4+ 47. Kg1
Qe3+ 48. Kh1 Qe4+ 49. Kg1 Qxe5 50. Bc4 Qe3+ 51. Kg2 Qd2+52. Kg1 Qe1+ 53. Kg2 Qe4+ 54. Kg1 Qe3+
55. Kg2 Qf3+ 56. Kg1 Qg3+ 57. Kh1 Qh3+ 58. Kg1 Qe3+ 59. Kg2Qe4+ 60. Kg1 Qd4+ 61. Kg2 Qb2+ 62. Kg1
Qc1+ 63. Kg2 Qd2+ 64. Kg1 Qe3+ 65. Kg2 Qe4+ 66. Kg1 Qd4+67. Kg2 Qe4+ 68. Kg1 Qe3+ 69. Kg2 Qe4+
70. Kg1 Qe3+ 71. Kg2 Qe4+ 72. Kg1 Qe3+ 73. Kg2 Qh3+ 74. Kg1Qg3+ 75. Kh1 Qf3+ 76. Kg1 Qe3+ 77. Kg2
Qf3+ 78. Kg1 Qg3+ 79. Kh1 Qf3+ 80. Kg1 Qe3+ 81. Kg2 1/2-1/2

[Event "41st Olympiad Open"]
[Site "Tromso"]
[Date "2014.08.10"]
[Round "8.28"]
[WhiteID "15000206"]
[White "Bogdanovski Vlatko"]
[BlackID "2500434"]
[Black "Daly Colm"]
[Result "1/2-1/2"]
[LiveChessVersion "1.4.3"]
[BlackElo "2323"]
[WhiteElo "2426"]
[WhiteTeam "MKD"]
[BlackTeam "IRL"]
[WhiteTitle "GM"]
[BlackTitle "FM"]

1. d4 Nf6 2. c4 e6 3. Nf3 Bb4+ 4. Bd2 Qe7 5. Nc3 d5 6. e3 O-O 7. a3 Bxc3 8. Bxc3 Rd8 9. Qc2
a5 10. Bd3 b6 11. cxd5 exd5 12. O-O Ba6 13. Bxa6 Rxa6 14. b4a4 15. b5 Ra7 16. Ne5 Qe6 17. Bb4 Nfd7
18. Nd3 Nf6 19. Rfc1 Re8 20. Ne5 Nfd7 21. Nxd7 Nxd7 22. Qc6 Nf6 23.Ra2 Qe4 24. Qc2 h5 25. Qd1 Qf5 26. Rac2
Qd7 27. Rc6 Re6 28. R1c3 Rxc6 29. Rxc6 Qf5 30. f3 Ne831. h3 Ra8 32. Kh2 Ra7 33. Kh1 Ra8
34. Rc1 Ra7 35. Qe2 Qd7 36. Rc6 Ra8 37. Qd3 Nf6 38. Qc2Ne8 39. Qd3 Nf6 40. Be1 Ne8 41. Bg3
Rd8 42. Be5 Qe7 43. Rc3 Qd7 44. Qb1 Ra8 45. Rc6 Ra546. Bg3 Qe7 47. Qd3 Ra7 48. Be1 Ra8
49. Bb4 Qd7 50. Kg1 g6 51. Qc2 Ra7 52. Kh1 Ng7 53. Qd3Ra8 54. g4 Re8 55. Kg2 Re6 56. Rxe6
Nxe6 57. Be1 hxg4 58. hxg4 c6 59. bxc6 Qxc6 60. Qc3 Qb561. Kf2 Qd7 1/2-1/2